2022 March Madness Upsets - Statistics

General Stats
  • This quiz has been taken 503 times
    401 since last reset
  • The average score is 13 of 21
Answer Stats
Round Seed Team Defeated Seed Team % Correct
64 2 Kentucky 15 Saint Peter's
95%
32 7 Murray State 15 Saint Peter's
95%
16 3 Purdue 15 Saint Peter's
95%
32 1 Baylor 8 North Carolina
82%
16 4 UCLA 8 North Carolina
82%
64 6 Colorado State 11 Michigan
60%
32 3 Tennessee 11 Michigan
60%
16 1 Gonzaga 4 Arkansas
56%
4 2 Duke 8 North Carolina
56%
64 5 Iowa 12 Richmond
56%
64 7 USC 10 Miami
54%
32 2 Auburn 10 Miami
54%
64 6 LSU 11 Iowa State
52%
32 3 Wisconsin 11 Iowa State
52%
32 4 Illinois 5 Houston
51%
16 1 Arizona 5 Houston
51%
64 5 Connecticut 12 New Mexico State
51%
64 8 Boise State 9 Memphis
43%
64 8 San Diego State 9 Creighton
41%
64 6 Alabama 11 Notre Dame
41%
64 8 Seton Hall 9 TCU
40%
No matching quizzes found
Score Distribution
Percent of People with Each Score
Percentile by Number Answered
Your Score History
You have not taken this quiz since the last reset